000 00624nam a2200193Ia 4500
003 IN-BaIIA
008 211028s9999 xx 000 0 eng d
040 _cIIA Library
080 _a083.7:669.1
_bISI
110 _aIndian Standards Institution
245 0 _aIndian standard specification for carbon steel billets, blooms, slabs and bars for forgings
_cIndian Standards Institution
260 _aNew Delhi
_bIndian Standards Institution
_c1973
300 _a12p.
500 _aIS 1875 : 1971
650 _a Standards 
650 _a Structural Engineering-Standards
_99335
650 _aNASA Thesaurus 
942 _cBK
999 _c5351
_d5351